000 01451nam a22001457a 4500
999 _c523871
_d523871
008 231011b ||||| |||| 00| 0 eng d
100 _aDaniel, Namrata
_944087
245 _aThe political economy of sexual labour and its commodification : Notes from the field
260 _aSocial Scientist
300 _a51(7-8), Jul-Aug, 2023: p.77-86
520 _aThis paper focuses on the political economy of sexual relations in a capitalist system, where the relationship is mediated, structured and regulated through four major institutions, the family. Community, market and state. These collectively control and consume women’s domestic and sexual services within the private and public spheres for smooth functioning of the capitalism system. Women labour plays an integral rule in social reproduction processes and reproduces social hierarchies. The failure to connect women’s domestic labour and social precaution results in the treatment of work undertaken by them as unpaid labour, which is not regarded and recognized as an economic activity. This pper studies the commodification of women’s bodies, to argue that violence is an integral part of the strategy of control of women and is structural in character. Violence in the public and private spheres is integral to the strategy of control over women and various forms of their services and labour. – Reproduced
773 _aSocial Scientist
906 _aWOMEN
942 _cAR